| 000 | 00614nam a2200169Ia 4500 | ||
|---|---|---|---|
| 008 | 0000002007 sp a 0000000000spa00 | ||
| 090 | _aPSP02 G67a | ||
| 100 | 1 |
_aGortázar, Alfonso _d1955 |
|
| 245 | 1 | 0 |
_aAlfonso Gortázar _b: in albis 01 [Disco compacto] |
| 300 | _a1 CD ROM bajo Winodws ; 12 cm. | ||
| 505 | _a12 imágenes de las OBRAS del artista | ||
| 600 | 0 | 0 |
_aGORTAZAR, ALFONSO, 1955/ _xTRABAJOS PICTORICOS |
| 650 | 1 | 4 | _aARTE CONTEMPORANEO ESPAÑOL CDROM |
| 650 | 1 | 4 | _aPINTORES ESPAÑOLES CDROM |
| 650 | 1 | 4 | _aPINTURA ESPAÑOLA CDROM |
| 999 |
_c8652 _d8652 |
||
| 260 |
_aVictoria Gasteiz : Museo Artium _c2007 |
||